| 000 | 00506ntaaa2200193 4500 | ||
|---|---|---|---|
| 003 | 01 | ||
| 005 | 20251027202638.0 | ||
| 008 | 0714s1973 ag 01 | ||
| 040 |
_aAR-BaBN _bspa _cAR-BaBN _eaacr _dRIC |
||
| 082 | _a372.4000 G91 | ||
| 100 |
_aGrosso, Juan Bautista _925877 |
||
| 245 | _aPaleta infantil | ||
| 250 | _a2 ed. | ||
| 260 |
_aBuenos Aires : _bEditorial Kapelusz, _c1954 |
||
| 300 | _a74 p | ||
| 650 |
_apoesía para niños _925878 |
||
| 650 |
_aeducacipon religiosa-poesías _925879 |
||
| 942 | _cBK | ||
| 999 |
_c21625 _d21625 |
||